Statystyki dla 10 najwiekszych PKB świata

Kliknij tutaj aby rozwiązać quiz!

Ogólne statystyki

  • Ten quiz został rozwiązany 19 razy
  • Średni wynik to 9 z 10

Statystyki odpowiedzi

SUMAPaństwo% Poprawnych
18 100 044Chiny
100%
2 784 020Francja
100%
4 233 538Japonia
100%
4 075 395Niemcy
100%
25 464 475Stany Zjednoczone
100%
2 139 840Kanada
95%
2 215 294Rosja
89%
3 070 600Wielka Brytania
89%
2 012 013Włochy
89%
3 386 403Indie
84%

Rozkład punktacji

Percentyl według liczby udzielonych odpowiedzi

Procent ludzi z każdym wynikiem

Twoja historia wyników

Nie rozwiązałeś tego quizu